<?xml version="1.0" encoding="UTF-8"?>
<record
    xmlns:xsi="http://www.w3.org/2001/XMLSchema-instance"
    xsi:schemaLocation="http://www.loc.gov/MARC21/slim http://www.loc.gov/standards/marcxml/schema/MARC21slim.xsd"
    xmlns="http://www.loc.gov/MARC21/slim">

  <leader>00729nam a22001337a 4500</leader>
  <datafield tag="040" ind1=" " ind2=" ">
    <subfield code="c">rua</subfield>
  </datafield>
  <datafield tag="082" ind1=" " ind2=" ">
    <subfield code="a">FIS VAV 2021 B473 Or.</subfield>
  </datafield>
  <datafield tag="100" ind1=" " ind2=" ">
    <subfield code="a">VA VAIAN ,&#x179C;&#x17C9;&#x17B6; &#x179C;&#x17C3;&#x17A2;&#x17B6;&#x1793;</subfield>
  </datafield>
  <datafield tag="245" ind1=" " ind2=" ">
    <subfield code="a">EFFECT OF STOCKING DENSITY DRIVEN NUTRIENT INPUT ON FISH(Anabas testudineus) AND RICE YIELD IN INTERGRATED SYSTEM.&#x17A5;&#x1791;&#x17D2;&#x1792;&#x17B7;&#x1796;&#x179B;&#x1793;&#x17C3;&#x1780;&#x17B6;&#x1780;&#x179F;&#x17C6;&#x178E;&#x179B;&#x17CB;&#x178F;&#x17D2;&#x179A;&#x17B8;&#x1780;&#x17D2;&#x179A;&#x17B6;&#x1789;&#x17CB;&#x1780;&#x17D2;&#x1793;&#x17BB;&#x1784;&#x1780;&#x17B6;&#x179A;&#x1785;&#x17B7;&#x1789;&#x17D2;&#x1785;&#x17B9;&#x1798;&#x178F;&#x17D2;&#x179A;&#x17B8;&#x178A;&#x17C4;&#x1799;&#x178A;&#x1784;&#x17CB;&#x179F;&#x17CA;&#x17B8;&#x178F;&#x17C1;&#x1781;&#x17BB;&#x179F;&#x1782;&#x17D2;&#x1793;&#x17B6;&#x1780;&#x17D2;&#x1793;&#x17BB;&#x1784;&#x1780;&#x17B6;&#x179A;&#x1792;&#x17D2;&#x179C;&#x17BE;&#x179F;&#x17D2;&#x179A;&#x17C2;</subfield>
  </datafield>
  <datafield tag="260" ind1=" " ind2=" ">
    <subfield code="a">phnom penh</subfield>
    <subfield code="b">rua</subfield>
    <subfield code="c">2021</subfield>
  </datafield>
  <datafield tag="300" ind1=" " ind2=" ">
    <subfield code="a">x.39p.</subfield>
    <subfield code="b">ill.</subfield>
    <subfield code="c">29cm.</subfield>
  </datafield>
  <datafield tag="856" ind1=" " ind2=" ">
    <subfield code="u">https://drive.google.com/file/d/1vyetFWdq830KzhPF-qK4wqVzP2kF68tD/view?usp=sharing</subfield>
  </datafield>
  <datafield tag="942" ind1=" " ind2=" ">
    <subfield code="c">FIS</subfield>
  </datafield>
  <datafield tag="999" ind1=" " ind2=" ">
    <subfield code="c">22601</subfield>
    <subfield code="d">22601</subfield>
  </datafield>
  <datafield tag="952" ind1=" " ind2=" ">
    <subfield code="0">0</subfield>
    <subfield code="1">0</subfield>
    <subfield code="4">0</subfield>
    <subfield code="6">FIS_VAV_2021_000000000000000_B473_OR</subfield>
    <subfield code="7">0</subfield>
    <subfield code="9">97128</subfield>
    <subfield code="a">LBB</subfield>
    <subfield code="b">LBB</subfield>
    <subfield code="c">B473</subfield>
    <subfield code="d">2024-03-19</subfield>
    <subfield code="o">FIS VAV 2021 B473 Or.</subfield>
    <subfield code="p">a077896</subfield>
    <subfield code="r">2024-03-19</subfield>
    <subfield code="y">FIS</subfield>
  </datafield>
  <datafield tag="952" ind1=" " ind2=" ">
    <subfield code="0">0</subfield>
    <subfield code="1">0</subfield>
    <subfield code="4">0</subfield>
    <subfield code="6">FIS_VAV_2021_000000000000000_B473_OR</subfield>
    <subfield code="7">0</subfield>
    <subfield code="9">97129</subfield>
    <subfield code="a">LBB</subfield>
    <subfield code="b">LBB</subfield>
    <subfield code="c">B473</subfield>
    <subfield code="d">2024-03-19</subfield>
    <subfield code="o">FIS VAV 2021 B473 Or.</subfield>
    <subfield code="p">a077892</subfield>
    <subfield code="r">2024-03-19</subfield>
    <subfield code="y">FIS</subfield>
  </datafield>
  <datafield tag="952" ind1=" " ind2=" ">
    <subfield code="0">0</subfield>
    <subfield code="1">0</subfield>
    <subfield code="4">0</subfield>
    <subfield code="6">FIS_VAV_2021_000000000000000_B473_OR</subfield>
    <subfield code="7">0</subfield>
    <subfield code="9">97130</subfield>
    <subfield code="a">LBB</subfield>
    <subfield code="b">LBB</subfield>
    <subfield code="c">B473</subfield>
    <subfield code="d">2024-03-19</subfield>
    <subfield code="l">1</subfield>
    <subfield code="o">FIS VAV 2021 B473 Or.</subfield>
    <subfield code="p">a078646</subfield>
    <subfield code="r">2024-08-21</subfield>
    <subfield code="s">2024-07-24</subfield>
    <subfield code="y">FIS</subfield>
  </datafield>
  <datafield tag="952" ind1=" " ind2=" ">
    <subfield code="0">0</subfield>
    <subfield code="1">0</subfield>
    <subfield code="4">0</subfield>
    <subfield code="6">FIS_VAV_2021_000000000000000_B473_OR</subfield>
    <subfield code="7">0</subfield>
    <subfield code="9">97131</subfield>
    <subfield code="a">LBB</subfield>
    <subfield code="b">LBB</subfield>
    <subfield code="c">B473</subfield>
    <subfield code="d">2024-03-19</subfield>
    <subfield code="o">FIS VAV 2021 B473 Or.</subfield>
    <subfield code="p">a077880</subfield>
    <subfield code="r">2024-03-19</subfield>
    <subfield code="y">FIS</subfield>
  </datafield>
</record>
